| 000 | 00562nam a22002057a 4500 | ||
|---|---|---|---|
| 005 | 20260121125619.0 | ||
| 010 | _aENG-147600 | ||
| 020 |
_a9789357315906 _c599.00 |
||
| 035 | _aEN-131132 | ||
| 037 | _bDBAD | ||
| 082 |
_aN _21 |
||
| 100 |
_aRushby, A. _986731 |
||
| 245 |
_aSlashed Beauties/ _cA. Rushby |
||
| 250 | _a1 | ||
| 260 |
_aGurugram _bHachette Book Publishing Pvt. Ltd. _c2025 |
||
| 270 |
_a4th&5th Floors, Corporate Centre Plot No. 94, Sector 44, _bGurugram _e122003 |
||
| 300 |
_a350p. _c20cm(pb) |
||
| 760 | _b1 | ||
| 942 |
_2ddc _cEN _hN _mRUS _e1 |
||
| 999 |
_c214390 _d214390 |
||